000 00481nam a2200181Ia 4500
008 240925s9999 xx 000 0 und d
020 _a70273979
082 _a621.3192 HAY
100 _aHayt, William H.; Kemmerly, Jack E.
245 0 _aEngineering Circuit Analysis
250 _a4th
260 _aLake Forest:
_bMc Graw-Hill
_c,1986.
300 _a308p.
_bNA
_fOriginal
500 _aIncludes Index
600 _aElectronic Engineering
650 _aTechnology
942 _cBK
999 _c3513
_d3513